Realidades y Perspectivas de la integracin̤ latinoamericana

Detalles Bibliográficos
Autor principal: Galo Pico, Mantilla
Formato: eBook
Lenguaje:español
Publicado: Barceloan : Editorial vLex, 2009
Materias:
Acceso en línea:Acceso restringido

MARC

LEADER 00000nam a22000007a 4500
005 20120907144511.0
007 cr|||| ||||
008 120907s2009 sp |||||s|||| 00||0 spa d
035 |a 6662 
040 |a vLex 
090 |c 3403  |d 3403 
100 1 |a Galo Pico, Mantilla 
245 1 0 |a Realidades y Perspectivas de la integracin̤ latinoamericana  |h [Recurso electrn̤ico] /  |c Galo Pico Mantilla  
256 |a Servicio en ln̕ea 
260 |a Barceloan :  |b Editorial vLex,  |c 2009 
300 |a 1 recurso electrn̤ico 
506 1 |a Contenido solo disponible en los productos indicados  |d vLex Global   |d vLex Global (Academic Edition, excluding Law Schools)   |d vLex Global (U.S. Academic Edition, Law Schools)   |d vLex Global (U.S. Academic Edition, excluding Law Schools)   |d vLex Global (Academic Edition, Law Schools)  
650 0 4 |a Integracin̤ social  |z Ecuador 
740 0 |a vLex Libros (Servicio en ln̕ea) 
856 4 0 |u http://vlex.com/source/realidades-perspectivas-integracion-latinoamericana-6662  |z Acceso restringido 
942 |c BOOK 
999 0 |a Social integration